| 000 | 00626nam a2200205 a 4500 | ||
|---|---|---|---|
| 005 | 20210223131757.0 | ||
| 008 | 120627s2000 es r 000 0 spa d | ||
| 020 | _a8427221541 | ||
| 035 | _aUPN01000185542 | ||
| 049 | _aI | ||
| 050 | 4 |
_aGB1203.8 _bG3.3 |
|
| 100 | 1 |
_aGaneri, Anita, _d1961- _933204 |
|
| 245 | 1 | 0 |
_aEsos turbulentos ríos / _cAnita Ganeri ; il. Mike Phillips. |
| 260 |
_aBarcelona, Esp. : _bMolino, _c2000. |
||
| 300 |
_a156 p. : _bil. |
||
| 440 | 0 |
_aEsa horrible geografía ; _v4. |
|
| 650 | 4 |
_aRIOS - _vLITERATURA JUVENIL _911378 |
|
| 650 | 4 |
_aHIDROLOGIA - _xESTUDIO Y ENSEÑANZA _921651 |
|
| 905 | _aInfantil | ||
| 999 |
_c157645 _d157645 |
||